[Event "THA-chT op"]
[Site "Bangkok"]
[Date "2020.12.13"]
[Round "8.1"]
[White "Kulpruethanon, Thanadon"]
[Black "Limlungkarn, Apiwat"]
[Result "1-0"]
[WhiteElo "2283"]
[BlackElo "1640"]
[PlyCount "70"]
[EventDate "2020.12.10"]
[EventType "team-swiss"]
[EventRounds "9"]
[EventCountry "THA"]
[SourceTitle "CBM 199 Extra"]
[Source "ChessBase"]
[SourceDate "2021.01.31"]
[SourceVersion "1"]
[SourceVersionDate "2021.01.31"]
[SourceQuality "1"]
[WhiteTeam "East Bangapi"]
[BlackTeam "Jane Gambit"]
[WhiteTeamCountry "THA"]
[BlackTeamCountry "THA"]

1. Nf3 Nf6 2. g3 g6 3. b3 Bg7 4. Bb2 0-0 5. Bg2 d6 6. d4 c5 7. 0-0 cxd4 8. Nxd4 d5 9. c4 dxc4 10. bxc4 Qb6 11. Qb3 Nfd7 12. e3 Nc6 13. Nc3 Nxd4 14. exd4 Bxd4 15. Nd5 Qc5 16. Bxd4 Qxd4 17. Nxe7+ Kg7 18. Rad1 Qg4 19. h3 Qe6 20. Rfe1 Nc5 21. Rxe6 Nxb3 22. Re5 Kf6 23. f4 Na5 24. Nxc8 Nxc4 25. Bxb7 Nxe5 26. fxe5+ Kxe5 27. Bxa8 Rxc8 28. Bd5 Rd8 29. Re1+ Kf6 30. Rf1+ Ke5 31. Bxf7 Rd2 32. Rf2 Rd3 33. Kg2 g5 34. g4 Ke4 35. Be6 Ke5 1-0

[Event "THA-chT op"]
[Site "Bangkok"]
[Date "2020.12.10"]
[Round "1.1"]
[White "Limlungkarn, Apiwat"]
[Black "Calacday, Henry"]
[Result "1-0"]
[WhiteElo "1640"]
[BlackElo "1759"]
[PlyCount "81"]
[EventDate "2020.12.10"]
[EventType "team-swiss"]
[EventRounds "9"]
[EventCountry "THA"]
[SourceTitle "CBM 199 Extra"]
[Source "ChessBase"]
[SourceDate "2021.01.31"]
[SourceVersion "1"]
[SourceVersionDate "2021.01.31"]
[SourceQuality "1"]
[WhiteTeam "Jane Gambit"]
[BlackTeam "Pattaya Karken"]
[WhiteTeamCountry "THA"]
[BlackTeamCountry "THA"]

1. e4 g6 2. d4 d6 3. Nc3 Bg7 4. f4 Nc6 5. Nf3 Bg4 6. Be3 Bxf3 7. gxf3 e5 8. fxe5 dxe5 9. d5 Nce7 10. Qd2 f5 11. 0-0-0 f4 12. Bc5 Nh6 13. Bb5+ c6 14. Bxe7 Qxe7 15. dxc6 0-0 16. cxb7 Rad8 17. Bc4+ Kh8 18. Bd5 Qc5 19. Qg2 Rb8 20. h4 Bf6 21. Qh3 a6 22. Kb1 Rfd8 23. Bb3 Rxb7 24. Rxd8+ Bxd8 25. h5 g5 26. Qe6 Kg7 27. Rd1 Qe7 28. Qxa6 Rd7 29. Nd5 Qd6 30. Qb5 Ng8 31. a4 Nf6 32. Rd3 Ra7 33. Nxf4 Qb6 34. Ne6+ Kh6 35. Nxd8 Qg1+ 36. Ka2 Kxh5 37. Qxe5 Ra6 38. f4 h6 39. Rh3+ Kg6 40. f5+ Kg7 41. Qe7+ 1-0